Les archives du manuel social / (Record no. 25668)

MARC details
000 -LEADER
campo de control de longitud fija 01202nam a2200241 i 4500
001 - NÚMERO DE CONTROL
campo de control 25668
003 - IDENTIFICADOR DE NÚMERO DE CONTROL
campo de control ES-MaACL
005 - FECHA Y HORA DE LA ÚLTIMA TRANSACCIÓN
campo de control 20230906153318.0
007 - CAMPO FIJO DE DESCRIPCIÓN FÍSICA--INFORMACIÓN GENERAL
campo de control de longitud fija t|
008 - DATOS DE LONGITUD FIJA--INFORMACIÓN GENERAL
campo de control de longitud fija 030102m19221923fr ||||1| fre d
245 04 - MENCIÓN DEL TÍTULO
Título Les archives du manuel social /
Mención de responsabilidad, etc. publiées sous la direction des P.P.A. Vermeersch et A. Muller.
260 ## - PUBLICACIÓN, DISTRIBUCIÓN, ETC.
Lugar de publicación, distribución, etc. Paris, etc. :
Nombre del editor, distribuidor, etc. Bureaux de l'Action Populaire,
Fecha de publicación, distribución, etc. 1922-1923 (
Lugar de fabricación/manufactura Bruges :
Fabricante Houdmont Frères)
300 ## - DESCRIPCIÓN FÍSICA
Extensión 4 fasc. ;
Dimensiones 22 cm.
505 8# - NOTA DE CONTENIDO CON FORMATO
Nota de contenido con formato Contiene: V. I. Principes de morale sociale -- V. II. L'etat et le problème social. 1. La conception du droit, le milieu social et les tendances de la legislation européenne d'aprés-guerre. 2. Les organismes sociaux officiels en France. 3. Les organismes sociaux officiels en Belgique
700 1# - ENTRADA AGREGADA--NOMBRE PERSONAL
Nombre de persona Vermeersch, P. P. A.
9 (RLIN) 114150
700 0# - ENTRADA AGREGADA--NOMBRE PERSONAL
Nombre de persona Müller, A.
9 (RLIN) 84115
740 0# - ENTRADA AGREGADA--TÍTULO RELACIONADO/ANALÍTICO NO CONTROLADO
Título relacionado o analítico no controlado Principes de morale sociale.
740 2# - ENTRADA AGREGADA--TÍTULO RELACIONADO/ANALÍTICO NO CONTROLADO
Título relacionado o analítico no controlado L'etat et le problème social.
740 3# - ENTRADA AGREGADA--TÍTULO RELACIONADO/ANALÍTICO NO CONTROLADO
Título relacionado o analítico no controlado La conception du droit, le milieu social et les tendances de la legislation européenne d'après-guerre.
740 4# - ENTRADA AGREGADA--TÍTULO RELACIONADO/ANALÍTICO NO CONTROLADO
Título relacionado o analítico no controlado Les organismes sociaux officiels en France.
740 4# - ENTRADA AGREGADA--TÍTULO RELACIONADO/ANALÍTICO NO CONTROLADO
Título relacionado o analítico no controlado Les organismes sociaux officiels en Belgique.
852 ## - LOCALIZACIÓN
Ubicación ES-MaACL
Número de control de estantería C-8133-34
Holdings
Estatus retirado Estado de pérdida Estado de daño No para préstamo Biblioteca de origen Biblioteca actual Ubicación en estantería Fecha de adquisición Fuente de adquisición Total de préstamos Signatura topográfica completa Código de barras Visto por última vez Precio de reemplazo Tipo de ítem Koha
        Biblioteca del Ateneo de Madrid Biblioteca del Ateneo de Madrid Sala Palomar 17/01/2008     C-8133-34 1026471 23/02/2023 23/02/2023 Libro impreso